A trainer's guide for participatory learning and action / (Record no. 6592)

MARC details
000 -LEADER
fixed length control field 00556nam a22001817a 4500
003 - CONTROL NUMBER IDENTIFIER
control field OSt
005 - DATE AND TIME OF LATEST TRANSACTION
control field 20200205124744.0
008 - FIXED-LENGTH DATA ELEMENTS--GENERAL INFORMATION
fixed length control field 200205b ||||| |||| 00| 0 eng d
020 ## - INTERNATIONAL STANDARD BOOK NUMBER
International Standard Book Number 1899825002
040 ## - CATALOGING SOURCE
Transcribing agency 040a
082 ## - DEWEY DECIMAL CLASSIFICATION NUMBER
Classification number 371.48
Item number PRE 2002
100 ## - MAIN ENTRY--PERSONAL NAME
Personal name Pretty, Jules N...{etal}
9 (RLIN) 13566
245 ## - TITLE STATEMENT
Title A trainer's guide for participatory learning and action /
Statement of responsibility, etc. Jules N Pretty...{etal}
260 ## - PUBLICATION, DISTRIBUTION, ETC. (IMPRINT)
Place of publication, distribution, etc. London
Name of publisher, distributor, etc. International institute for environment and development
Date of publication, distribution, etc. 2002
300 ## - PHYSICAL DESCRIPTION
Extent 267p;
Other physical details ill :
Dimensions 20 cm.
650 ## - SUBJECT ADDED ENTRY--TOPICAL TERM
Source of heading or term Training
942 ## - ADDED ENTRY ELEMENTS (KOHA)
Source of classification or shelving scheme Dewey Decimal Classification
Koha item type Open Shelf
Holdings
Withdrawn status Lost status Source of classification or shelving scheme Damaged status Not for loan Home library Current library Date acquired Source of acquisition Inventory number Total Checkouts Full call number Barcode Date last seen Price effective from Koha item type
    Dewey Decimal Classification     MUST Main Library MUST Main Library 05/02/2020 Donation 2009/31896   371.48 PRE 2002 2020-0358 05/02/2020 05/02/2020 Open Shelf